Development psychology:growth and development with parenting by filipino values: (Record no. 2453)

MARC details
000 -LEADER
fixed length control field 00624nam a22001817a 4500
003 - CONTROL NUMBER IDENTIFIER
control field URS
005 - DATE AND TIME OF LATEST TRANSACTION
control field 20220114142139.0
008 - FIXED-LENGTH DATA ELEMENTS--GENERAL INFORMATION
fixed length control field 190423s2007 ph ||||| |||| 00| 0 eng d
020 ## - INTERNATIONAL STANDARD BOOK NUMBER
International Standard Book Number 978971817136
040 ## - CATALOGING SOURCE
Transcribing agency URS
Language of cataloging eng
Modifying agency rda
050 14 - LIBRARY OF CONGRESS CALL NUMBER
Classification number BF 713
Item number .E9239 2007
100 ## - MAIN ENTRY--PERSONAL NAME
Personal name Evangelista,Lourdes L.
245 ## - TITLE STATEMENT
Title Development psychology:growth and development with parenting by filipino values:
Statement of responsibility, etc. Lourdes L Evangelista
Remainder of title growth and development with parenting by filipino values:
260 ## - PUBLICATION, DISTRIBUTION, ETC.
Place of publication, distribution, etc. Manila:
Name of publisher, distributor, etc. Booklore Publishing Corporation;
Date of publication, distribution, etc. [2007]
300 ## - PHYSICAL DESCRIPTION
Extent iii 94, pages:
Dimensions 25 cm
650 ## - SUBJECT ADDED ENTRY--TOPICAL TERM
Topical term or geographic name entry element Child Psychology
942 ## - ADDED ENTRY ELEMENTS (KOHA)
Source of classification or shelving scheme Library of Congress Classification
Koha item type Filipiniana
Holdings
Withdrawn status Source of classification or shelving scheme Damaged status Not for loan Collection code Home library Current library Shelving location Date acquired Total Checkouts Full call number Barcode Date last seen Price effective from Koha item type
  Library of Congress Classification     Non-fiction Cainta College Library Cainta College Library On Display 03/20/2018   BF 713.E9239 2007 URSCAI-4105 03/20/2018 03/20/2018 Filipiniana

University of Rizal System
Email us at univlibservices@urs.edu.ph

Visit our Website www.urs.edu.ph/library